000 00694nam a2200253Ia 4500
003 OSt
005 20220926022756.0
006 a|||||r|||| 00| 0
007 ta
008 220923b |||||||| |||| 00| 0 eng d
037 _cGeneral Book
040 _aRTL
_cRTL
_beng
041 _2eng
_aeng
082 _aX:86:D6,9(B), L0
100 _aModer J J
_9328259
245 0 _aProjects mangement with CPM and PERT
250 _a2nd
260 _aNew York
_bVan Nostrand USA
_c1970
300 _a360p.
_ccm.
650 _aTop Management
700 _a Phillips C R
_9328260
942 _hX:86:D6,9(B), L0
_cGB
_2CC
999 _c640272
_d640272